| 000 | 00873nam a2200229 i 4500 | ||
|---|---|---|---|
| 001 | 19609 | ||
| 003 | ES-MaACL | ||
| 005 | 20230906152130.0 | ||
| 007 | t| | ||
| 008 | 021004s1885 sp f |||| | spa d | ||
| 100 | 1 |
_aAbella y Casariego, Enrique, _d1847-1913 _9226444 |
|
| 245 | 1 | 0 |
_aEmanaciones volcánicas subordinadas al Malinao (Filipinas) / _cpor D. Enrique Abella y Casariego. |
| 260 |
_aMadrid : _b[s.n.], _c1885 ( _fImp. de Manuel Tello) |
||
| 300 |
_a14 p., [3] h. de lám. ; _c25 cm. |
||
| 530 | _aDisponible en formato digital. | ||
| 650 | 4 |
_aVolcanes- _zFilipinas. _9150868 |
|
| 651 | 4 |
_aMalinao (Filipinas) _9150870 |
|
| 852 | 4 |
_aES-MaACL _jT-438-F-9 |
|
| 852 | 4 |
_aES-MaACL _jT-1106-F-11 _z- Legado Federico de Botella y de Hornos |
|
| 856 | 4 |
_uhttp://bdh-rd.bne.es/viewer.vm?id=0000076044&page=1 _zBiblioteca Digital Hispánica |
|
| 999 |
_c19609 _d19609 |
||